Welcome to the Holygrace Academy Library

Please use search bar below to get started

UNUSAL COURAGE (Record no. 6830)

MARC details
000 -LEADER
fixed length control field 00303nam a22001337a 4500
020 ## - INTERNATIONAL STANDARD BOOK NUMBER
ISBN 978-81-237-4822-1
082 ## - DEWEY DECIMAL CLASSIFICATION NUMBER
Classification number 823
Item number VER/U
100 ## - MAIN ENTRY--AUTHOR NAME
Personal name VERMA, ABHILASH
245 ## - TITLE STATEMENT
Title UNUSAL COURAGE
260 ## - PUBLICATION, DISTRIBUTION, ETC. (IMPRINT)
Place of publication NEW DELHI
Name of publisher NATIONAL BOOKN TRUST INDIA
Year of publication 2020
300 ## - PHYSICAL DESCRIPTION
Number of Pages 24
520 ## - SUMMARY, ETC.
Summary, etc SHORT STORY
942 ## - ADDED ENTRY ELEMENTS (KOHA)
Koha item type Books
Holdings
Withdrawn status Lost status Collection code Home library Current library Shelving location Date acquired Source of acquisition Cost, normal purchase price Full call number Accession Number Koha item type
    Fiction Main Library Main Library NEW SHELF WITH NEW ENTRY 26/10/2023 Purchase 50.00 823 VER/U 13039 Books